The cat who saved books /

"Bookish high school student Rintaro Natsuki is about to close the secondhand bookstore he has inherited from his beloved bookworm grandfather. However, one day, a talking cat named Tiger appears and asks Rintaro to save books with him. Of course, "ask" is putting it politely -- Tiger...

Ausführliche Beschreibung

Bibliographische Detailangaben
1. Verfasser: Natsukawa, Sōsuke, 1978- (VerfasserIn)
Weitere Verfasser: Kawai, Louise Heal (ÜbersetzerIn)
Format: Buch
Sprache:English
Japanese
Veröffentlicht: London ; India : Picador ; Thomson press, ©2022.
Schlagworte:
Classic Catalogue: View this record in Classic Catalogue
LEADER 02666nam a2200421 i 4500
001 44796
003 BD-DhAAL
005 20250922105148.0
008 250915t20222021nyu 000 1 eng
010 |a  2021022643 
020 |a  9781529081480 
020 |a 9780063095724 
020 |a 9780063095731 
020 |z 9780063095748 
035 |a 22144068 
040 |a DLC  |b eng  |e rda  |c DLC  |d DLC  |d BD-DhAAL 
041 1 |a eng  |h jpn 
042 |a pcc 
050 0 0 |a PL873.5.A87  |b H66 2021 
082 0 0 |a 895.636  |2 23 
100 1 |a Natsukawa, Sōsuke,  |d 1978-  |e author.  |9 59326 
240 1 0 |a Hon o mamorō to suru neko no hanashi.  |l English 
245 1 4 |a The cat who saved books /  |c Sosuke Natsukawa ; translated by Louise Heal Kawai. 
260 |a London ;  |a India :  |b Picador ;  |b Thomson press,  |c ©2022. 
300 |a 219 pages ;  |c 22 cm 
500 |a First published 2021 
520 |a "Bookish high school student Rintaro Natsuki is about to close the secondhand bookstore he has inherited from his beloved bookworm grandfather. However, one day, a talking cat named Tiger appears and asks Rintaro to save books with him. Of course, "ask" is putting it politely -- Tiger is demanding Rintaro's help. The world is full of lonely books, left unread and unloved, and only Tiger and Rintaro can liberate them from their neglectful owners. And so, the odd couple begin an amazing journey, entering different mazes to set books free. Through their travels, Tiger and Rintaro meet a man who leaves his books to rot on his bookshelf, a book torturer who cuts books to clips to help people read as fast as they can, and a publishing drone who only wants to create bestsellers. And then, the last maze that awaits leads Rintaro down a realm only the bravest readers would dare enter... Books, cats, first love, fantasy -- THE CAT WHO SAVED BOOKS is a story for those who know books are so much more than words on paper."-- 
541 |a Donated by Farhana Zahir (Assistant Professor, BBS, BRAC University)   |e 44796 
650 0 |a Cats  |v Fiction.  |9 58685 
650 0 |a Antiquarian booksellers  |v Fiction.  |9 59331 
655 7 |a Animal fiction.  |9 59329 
655 7 |a Fantasy fiction. 
655 7 |a Novels. 
700 1 |a Kawai, Louise Heal,  |e translator.  |9 59330 
852 |a Ayesha Abed Library  |c General Stacks 
942 |2 ddc  |c BK 
999 |c 47540  |d 47540 
952 |0 0  |1 0  |2 ddc  |4 0  |6 895_636000000000000_NAT  |7 0  |9 78194  |a BRACUL  |b BRACUL  |c NEW  |d 2025-09-15  |e Donated by Farhana Zahir (Assistant Professor, BBS.)  |g 826.63  |l 2  |m 19  |o 895.636 NAT  |p 3010044796  |q 2026-05-21  |r 2025-12-30  |s 2025-12-30  |t 1  |v 1653.00  |w 2025-09-15  |y BK  |x Donated by Farhana Zahir Assistant Professor BBS, BRAC University. ₹ 599.00